000
00331nam a2200145Ia 4500
008
200615s9999||||xx |||||||||||||| ||und||
020
_a
9780706987454
082
_a
650
_b
QUA-K
100
_a
KOTHARI C R
245
0
_a
QUANTITATIVE TECHNIQUES
250
_a
3RD
260
_a
new delhi
_b
VIKAS
_c
2018
300
_a
195
942
_c
BK
999
_c
28138
_d
28138